Normal view MARC view
  • President Bill Clinton

Entry Personal Name

Number of records used in: 1

001 - CONTROL NUMBER

  • control field: 54649

003 - CONTROL NUMBER IDENTIFIER

  • control field: NUST

005 - DATE AND TIME OF LATEST TRANSACTION

  • control field: 20210421120017.0

008 - FIXED-LENGTH DATA ELEMENTS

  • fixed length control field: 210421|| aca||aabn | a|a d

040 ## - CATALOGING SOURCE

  • Original cataloging agency: NUST
  • Transcribing agency: NUST

100 ## - HEADING--PERSONAL NAME

  • Personal name: President Bill Clinton

670 ## - SOURCE DATA FOUND

  • Source citation: Work cat.: (NUST): President Bill Clinton, Between Hope and History Meeting America's Challenges for the 21st Century
© 2023 Central Library, National University of Sciences and Technology. All Rights Reserved.